000 00374nam a22001337a 4500
082 _a297.63
_bTAS
100 _aMuhammad Taseen
_937480
245 _a سیرت رسول اور معا شی مساوات
_cMuhammad Taseen
260 _aLahore
_bNisar art press
_c1999
300 _a14 p.
526 _a0
_b0
_c0
_d297_630000000000000_TAS
650 _aMCE
_9379
942 _2ddc
_cBK
999 _c542350
_d542350